000 00765cam a2200289 4500
001 J3150
008 090401t1995 xxu||||| |||| 00| 0 eng d
035 _a(Sirsi) u53394
041 _aeng
050 _a333.337016
110 _aHillier Parker
_92054
245 _aSpecialised property. - May 1995
260 _aLondon
_bHillier Parker May and Rowden
_c1995
300 _a1 sheet ; 30cm.
350 _a0
650 _aINDICES
650 _aMARKET TOWNS
650 _aOFFICE PARKS
650 _aRENT INDEX
650 _aRETAIL WAREHOUSES
650 _aSPECIALISED PROPERTY
650 _aSUPERMARKETS
650 _aYIELDS
690 _aPROPERTY-COMMERCIAL PROPERTY-COMMERCIAL PROPERTY FINANCE AND INVESTMENT
942 _n0
948 _c04/03/1997
999 _c93261
_d93261